Catálogo
 En Linea

La televisión de provincias en la República Dominicana / (Registro nro. 48462)

Detalles MARC
000 -CABECERA
campo de control de longitud fija 01387nam a2200301 a 4500
003 - IDENTIFICADOR DEL NÚMERO DE CONTROL
campo de control OSt
005 - FECHA Y HORA DE LA ÚLTIMA TRANSACCIÓN
campo de control 20240313073820.0
008 - DATOS DE LONGITUD FIJA--INFORMACIÓN GENERAL
campo de control de longitud fija 190510s2018 000 spa d
020 ## - NÚMERO INTERNACIONAL ESTÁNDAR DEL LIBRO
Número Internacional Estándar del Libro 9789945590821
040 ## - FUENTE DE LA CATALOGACIÓN
Centro catalogador/agencia de origen DO-SdBNP
Lengua de catalogación spa
Centro/agencia transcriptor BNPHU
082 #4 - NÚMERO DE LA CLASIFICACIÓN DECIMAL DEWEY
Número de clasificación 384.55
Número de documento/Ítem T269p
Número de edición 22
245 00 - MENCIÓN DE TÍTULO
Título La televisión de provincias en la República Dominicana /
Mención de responsabilidad, etc. prólogo Adalberto Grullón ; coordinación general, Elina María Cruz ; asesora de investigación, María Corominas ; redacción, Danielis Fermín ... [et. al.]
260 ## - PUBLICACIÓN, DISTRIBUCIÓN, ETC.
Lugar de publicación, distribución, etc. Santo Domingo :
Nombre del editor, distribuidor, etc. FUNGLODE,
Fecha de publicación, distribución, etc. 2018.
300 ## - DESCRIPCIÓN FÍSICA
Extensión 245 p.;
Dimensiones 23 cm.
505 0# - NOTA DE CONTENIDO CON FORMATO
Nota de contenido con formato Análisis de la televisión de provincias -- Contenidos religiosos de la televisión -- Perfil de la televisión en las provincias dominicanas.
590 ## - NOTA LOCAL (RLIN)
Nota local Inventariado,2020/VM
650 #4 - PUNTO DE ACCESO ADICIONAL DE MATERIA--TÉRMINO DE MATERIA
Término de materia o nombre geográfico como elemento de entrada Televisión
Subdivisión geográfica República Dominicana
9 (RLIN) 77507
650 #4 - PUNTO DE ACCESO ADICIONAL DE MATERIA--TÉRMINO DE MATERIA
Término de materia o nombre geográfico como elemento de entrada Televisión
Subdivisión general Aspectos sociales
Subdivisión geográfica República Dominicana
9 (RLIN) 77508
650 #4 - PUNTO DE ACCESO ADICIONAL DE MATERIA--TÉRMINO DE MATERIA
Término de materia o nombre geográfico como elemento de entrada Medios de comunicación de masas
Subdivisión geográfica República Dominicana
9 (RLIN) 2031
650 #4 - PUNTO DE ACCESO ADICIONAL DE MATERIA--TÉRMINO DE MATERIA
Término de materia o nombre geográfico como elemento de entrada Comunicación
Subdivisión general Aspectos sociales
Subdivisión geográfica República Dominicana
9 (RLIN) 77509
700 1# - PUNTO DE ACCESO ADICIONAL--NOMBRE DE PERSONA
Nombre de persona Cruz, Elina María,
Término indicativo de función/relación coord.
9 (RLIN) 74708
700 1# - PUNTO DE ACCESO ADICIONAL--NOMBRE DE PERSONA
Nombre de persona Grullón, Adalberto
Término indicativo de función/relación pról.
9 (RLIN) 77513
700 1# - PUNTO DE ACCESO ADICIONAL--NOMBRE DE PERSONA
Nombre de persona Corominas, Maria,
Fechas asociadas al nombre 1961-
9 (RLIN) 77510
700 1# - PUNTO DE ACCESO ADICIONAL--NOMBRE DE PERSONA
Nombre de persona Fermín, Danielis ,
Término indicativo de función/relación
9 (RLIN) 77511
710 2# - PUNTO DE ACCESO ADICIONAL--NOMBRE DE ENTIDAD CORPORATIVA
Nombre de entidad corporativa o nombre de jurisdicción como elemento de entrada Fundación Global Democracía y Desarrollo
9 (RLIN) 25477
910 ## - DATOS DE OPCIÓN DEL USUARIO (OCLC)
Datos de opción del usuario VMateo
942 ## - ELEMENTOS DE PUNTO DE ACCESO ADICIONAL (KOHA)
Fuente del sistema de clasificación o colocación Dewey Decimal Classification
Tipo de ítem Koha Libro
Existencias
Estado de retiro Estado de pérdida Fuente del sistema de clasificación o colocación Restricciones de uso No para préstamo Código de colección Localización permanente Ubicación/localización actual Ubicación en estantería Fecha de adquisición Fuente de adquisición Total de préstamos Signatura topográfica completa Código de barras Fecha visto por última vez Precio válido a partir de Tipo de ítem Koha Número de copia
    Dewey Decimal Classification Préstamo especial   Monografías: Libros y Folletos Biblioteca Nacional Pedro Henríquez Ureña General Depósito 04.12.2020 FUNGLODE   BNPHU DS 384.55 T269p 2020-0620 04.12.2020 04.12.2020 Libro e.3
    Dewey Decimal Classification Préstamo especial   Monografías: Libros y Folletos Biblioteca Nacional Pedro Henríquez Ureña General Depósito 04.12.2020 FUNGLODE   BNPHU DS 384.55 T269p 2020-0619 04.12.2020 04.12.2020 Libro e.4
    Dewey Decimal Classification Préstamo especial   Monografías: Libros y Folletos Biblioteca Nacional Pedro Henríquez Ureña General Depósito 04.12.2020 FUNGLODE   BNPHU DS 384.55 T269p 2020-0618 04.12.2020 04.12.2020 Libro e.5
    Dewey Decimal Classification Excluido de préstamo Excluido de préstamo Monografías: Libros y Folletos Biblioteca Nacional Pedro Henríquez Ureña Patrimonio Dominicano Depósito 04.12.2020 FUNGLODE   BNPHU PD 384.55 T269p 2020-0616 04.12.2020 04.12.2020 Libro  
    Dewey Decimal Classification Excluido de préstamo Préstamo restrigido Monografías: Libros y Folletos Biblioteca Nacional Pedro Henríquez Ureña Patrimonio Dominicano Depósito 04.12.2020 FUNGLODE   BNPHU PD 384.55 T269p 2020-0617 04.12.2020 04.12.2020 Libro e.2

Con tecnología Koha